| 000 | 00578nam a22002297a 4500 | ||
|---|---|---|---|
| 003 | OSt | ||
| 005 | 20140310182931.0 | ||
| 008 | 130131t xxu||||| |||| 00| 0 eng d | ||
| 020 | _a9789712353574 | ||
| 050 |
_aPN4121 _b.Ab166 |
||
| 082 |
_aFIL 808.5 _2Ab9 2009 |
||
| 245 |
_aFundamentals of public speaking _cAbulencia, Efren |
||
| 260 |
_aManila _bRex Pub. house _c2009 |
||
| 300 |
_a188 p. _c22 cm. |
||
| 521 | _acollege students | ||
| 526 | _c1210L-1700L | ||
| 541 | _j1 | ||
| 541 | _j2 | ||
| 541 | _j3 | ||
| 562 | _e3 | ||
| 942 |
_2lcc _cBK _kFIL |
||
| 999 |
_c17539 _d17539 |
||